| 000 | 00381nam a2200145Ia 4500 | ||
|---|---|---|---|
| 008 | 211202s9999||||xx |||||||||||||| ||und|| | ||
| 020 | _a9.7881317243e+012 | ||
| 082 |
_a302 _bSch/M |
||
| 100 | _aSchiller Jochen h. | ||
| 245 | 0 | _aMobile Communications | |
| 250 | _a2nd Edition | ||
| 260 |
_aUnited Kingdom _bDorling Kindersley India pvt ltd _c2003 |
||
| 300 | _a492p | ||
| 942 | _cBK | ||
| 999 |
_c33555 _d33555 |
||